The Great Electoral Scorecard Quiz Stats

 Plays Quiz Updated Dec 15, 2020

Support Sporcle.
Go Orange.
Score 0/176 Timer 10:00
3 Plays Today
Year Candidate % Correct
2016Hillary Clinton
96.8%
1992Bill Clinton
96.3%
1996Bill Clinton
96.3%
1792George Clinton
95.8%
  1788George Clinton
95.8%
1796George Clinton
95.8%
1808George Clinton
95.8%
1812DeWitt Clinton
95.7%
1988George H.W. Bush
95.6%
1992George H.W. Bush
95.6%
2000George W. Bush
95.6%
2004George W. Bush
95.6%
2020Donald Trump
95.4%
1788George Washington
95.3%
1792George Washington
95.3%
  1796George Washington
95.3%
2008Barack Obama
95.1%
2012Barack Obama
95.1%
2016Donald Trump
94.3%
2020Joe Biden
94%
1788John Adams
93.7%
1792John Adams
93.7%
1796John Adams
93.7%
1800John Adams
93.7%
1820John Quincy Adams
93.4%
1824John Quincy Adams
93.4%
1828John Quincy Adams
93.4%
1796Samuel Adams
92.7%
1932Franklin D. Roosevelt
92.4%
1936Franklin D. Roosevelt
92.4%
1940Franklin D. Roosevelt
92.4%
1944Franklin D. Roosevelt
92.4%
1904Theodore Roosevelt
92.1%
1912Theodore Roosevelt
92.1%
1964Lyndon B. Johnson
92%
1792Thomas Jefferson
91.9%
1796Thomas Jefferson
91.9%
1800Thomas Jefferson
91.9%
1804Thomas Jefferson
91.9%
1960Richard M. Nixon
91.8%
1968Richard M. Nixon
91.8%
1972Richard M. Nixon
91.8%
1976Ronald Reagan
91.5%
1980Ronald Reagan
91.5%
1984Ronald Reagan
91.5%
1960John F. Kennedy
91.3%
1860Abraham Lincoln
90.9%
1864Abraham Lincoln
90.9%
  1788Benjamin Lincoln
90.3%
1976Jimmy Carter
88.9%
1980Jimmy Carter
88.9%
2000Al Gore
88.5%
1952Dwight D. Eisenhower
88.1%
1956Dwight D. Eisenhower
88.1%
2008John McCain
86.9%
1824Andrew Jackson
86.5%
1828Andrew Jackson
86.5%
1832Andrew Jackson
86.5%
2012Mitt Romney
86%
Year Candidate % Correct
1948Harry S. Truman
85.6%
1928Herbert Hoover
83.9%
1932Herbert Hoover
83.9%
1808James Madison
83.9%
1812James Madison
83.9%
1912Woodrow Wilson
83.4%
1916Woodrow Wilson
83.4%
1816James Monroe
83.2%
1820James Monroe
83.2%
1868Ulysses S. Grant
82.9%
1872Ulysses S. Grant
82.9%
1976Gerald Ford
82.7%
2004John Kerry
82.6%
1908William H. Taft
82.5%
1912William H. Taft
82.5%
1836William Henry Harrison
81.5%
1840William Henry Harrison
81.5%
1888Benjamin Harrison
81.4%
1892Benjamin Harrison
81.4%
1788Robert H. Harrison
81.2%
1924Calvin Coolidge
80.9%
1884Grover Cleveland
79.3%
1888Grover Cleveland
79.3%
1892Grover Cleveland
79.3%
1844James K. Polk
78%
1896William McKinley
77.8%
1900William McKinley
77.8%
1836Martin Van Buren
76.4%
1840Martin Van Buren
76.4%
1848Zachary Taylor
76%
1996Bob Dole
75.3%
1920Warren G. Harding
74.1%
1856James Buchanan
72.4%
1880James A. Garfield
71.8%
1852Franklin Pierce
71.5%
1876Rutherford B. Hayes
71%
1988Michael Dukakis
70.5%
1984Walter Mondale
69.6%
1944Thomas E. Dewey
67%
1948Thomas E. Dewey
67%
2016Bernie Sanders
64.7%
1856Millard Fillmore
63.8%
1928Al Smith
61.2%
1964Barry Goldwater
61%
1952Adlai Stevenson
60.5%
1956Adlai Stevenson
60.5%
1792Aaron Burr
59.1%
1796Aaron Burr
59.1%
1800Aaron Burr
59.1%
1968Hubert Humphrey
57.8%
1972George McGovern
57.3%
1860Stephen A. Douglas
53.3%
1968George Wallace
53.2%
1896William Jennings Bryan
51.9%
1900William Jennings Bryan
51.9%
1908William Jennings Bryan
51.9%
1824Henry Clay
51.1%
1832Henry Clay
51.1%
1844Henry Clay
51.1%
Year Candidate % Correct
2016John Kasich
46.1%
2004John Edwards
45.3%
1788John Hancock
40.8%
1880Winfield S. Hancock
40.7%
1948Strom Thurmond
40.3%
2016Ron Paul
40%
1876Samuel Tilden
39.5%
2016Colin Powell
38.7%
1924John W. Davis
37.8%
1936Alf Landon
37.8%
  1872David Davis
37.7%
1864George B. McClellan
37%
2016Faith Spotted Eagle
36.6%
1940Wendell Willkie
36%
1788John Jay
34.8%
  1796John Jay
34.8%
1800John Jay
34.8%
1860John C. Breckinridge
34.5%
1956Walter Jones
33.8%
1856John C. Fremont
31%
1860John Bell
30.3%
1916Charles E. Hughes
30.1%
1920James M. Cox
29.8%
1872Horace Greeley
29.1%
1852Winfield Scott
29%
  1796Charles Cotesworth Pinckney
29%
1800Charles Cotesworth Pinckney
29%
1804Charles Cotesworth Pinckney
29%
1808Charles Cotesworth Pinckney
29%
1796Thomas Pinckney
28.9%
1988Lloyd Bentsen
27.8%
1836Daniel Webster
27.7%
1884James G. Blaine
27.6%
1816Rufus King
27.5%
  1872Benjamin Brown
26%
1904Alton B. Parker
25.7%
1924Robert La Follette
25.1%
1836Hugh Lawson White
24%
1848Lewis Cass
23.4%
1960Harry F. Byrd
23.4%
1868Horatio Seymour
23.4%
  1796John Henry
21.9%
1824William H. Crawford
19.7%
1788John Rutledge
18.4%
1972John Hospers
18.2%
1892James B. Weaver
17.9%
1832William Wirt
17.7%
1872Thomas A. Hendricks
16.7%
  1796Samuel Johnston
16.6%
1796Oliver Ellsworth
15.5%
1836Willie Person Mangum
15.4%
  1788James Armstrong
15%
  1796James Iredell
15%
  1788Samuel Huntington
14.7%
1832John Floyd
14.6%
  1788Edward Telfair
14.3%
  1788John Milton
14.1%
  1872Charles J. Jenkins
13.9%

You're not logged in!

Compare scores with friends on all Sporcle quizzes.
OR
Log In

From the Vault

16 Little Animal Pictograms II

by bhenderson79

The pictograms are little, but some of the animals are pretty huge.
Remove Ads.
Support Sporcle.
Get the best of Sporcle when you Go Orange. This ad-free experience offers more features, more stats, and more fun while also helping to support Sporcle. Thank you for becoming a member.

Show Comments

Extras

Top Quizzes Today


Score Distribution

Your Account Isn't Verified!

In order to create a playlist on Sporcle, you need to verify the email address you used during registration. Go to your Sporcle Settings to finish the process.

Report this User

Report this user for behavior that violates our Community Guidelines.

Details: